Statistics for Countries Offering The Least Visa-Free Access

Click here to take the quiz!

General Stats

  • This quiz has been taken 181 times
  • The average score is 11 of 18

Answer Stats

Passports with Visa-Free or Visa-on-Arrival AccessCountry% Correct
noneNorth Korea
87%
TurkeyIraq
79%
Botswana, Eritrea, Ethiopia, Kenya, Rwanda, Tanzania, UgandaSouth Sudan
73%
Jordan, TunisiaLibya
70%
noneAfghanistan
68%
Burundi, Republic of the Congo, Kenya, Mauritius, Rwanda, Tanzania, ZimbabweDemocratic Republic of the Congo
68%
Bahrain, Kuwait, Oman, United Arab EmiratesSaudi Arabia
65%
Maldives, Nepal, Samoa, Tonga, Trinidad and TobagoPakistan
62%
Bangladesh, India, MaldivesBhutan
60%
Guinea-Bissau, Kenya, Kuwait, Malaysia, Qatar, Syria, Turkey, United Arab Emirates, YemenSudan
60%
Libya, Malaysia, Mali, Mauritania, Morocco, Seychelles, TunisiaAlgeria
57%
Sudan, UgandaEritrea
55%
GeorgiaTurkmenistan
54%
Botswana, Cape Verde, Mauritius, Mozambique, Namibia, Rwanda, Seychelles, South Africa, Zambia, ZimbabweAngola
52%
Japan, Maldives, Nepal, South KoreaIndia
50%
Democratic Republic of the Congo, Kenya, Rwanda, South Sudan, Tanzania, UgandaBurundi
49%
Central African Republic, Chad, Republic of the Congo, Equatorial Guinea, Gabon, Mali, NigeriaCameroon
35%
Barbados, China, United StatesEquatorial Guinea
29%

Score Distribution

Percentile by Number Answered

Percent of People with Each Score

Your Score History

You have not taken this quiz